00384nam a2200121Ia 4500100002500000942000700025654001500032245006900047260003300116546001200149999001700161952008400178 aKeith/ Steven brain  cBK aartificial aArtificial intelligence on the Sinclair QL:Make your micro think bSunshine BooksaLondonc1984 aENGLISH c29743d29743 001040708CRCaCRCEbCRCEd2023-03-17l0o p2121r2023-03-17w2023-03-17yBK